Estadísticas para Idiomas más similares al español

Haz click aquí para intentar la prueba.

Estadísticas generales

  • Esta prueba ha sido intentada 3.115 veces
    (773 desde el último reinicio)
  • La puntuación promedio es 8 de 15

Estadísticas de respuestas

ÍndiceHablado en...Idioma% Correcto
23,5EspañaCatalán
97%
14,0ItaliaItaliano
96%
29,9FranciaFrancés
94%
16,7BrasilPortugués
90%
14,3EspañaGallego
81%
29,0RumaniaRumano
81%
22,5FranciaOccitano
43%
8,8EspañaAsturiano
42%
14,1ItaliaSiciliano
38%
14,1ItaliaNapolitano
35%
19,6ItaliaVeneciano
24%
19,5FranciaCorso
21%
27,1BélgicaValón
18%
24,4ItaliaLombardo
15%
28,3ItaliaFriulano
6%

Distribución de puntuación

Porcentaje por número respondido

Porcentaje de gente con cada puntuación

Historial de tus puntuaciones

No has intentado esta prueba desde el último reinicio